<?xml version="1.0" encoding="UTF-8"?>
<collection xmlns="http://www.loc.gov/MARC21/slim">
 <record>
  <leader>05965cam a2200829   4500</leader>
  <controlfield tag="001">1024125572</controlfield>
  <controlfield tag="003">DE-627</controlfield>
  <controlfield tag="005">20241022100554.0</controlfield>
  <controlfield tag="007">tu</controlfield>
  <controlfield tag="008">180607s2018    gw |||||      00| ||ger c</controlfield>
  <datafield tag="015" ind1=" " ind2=" ">
   <subfield code="a">18,N23</subfield>
   <subfield code="2">dnb</subfield>
  </datafield>
  <datafield tag="016" ind1="7" ind2=" ">
   <subfield code="a">1160252785</subfield>
   <subfield code="2">DE-101</subfield>
  </datafield>
  <datafield tag="020" ind1=" " ind2=" ">
   <subfield code="a">3881906673</subfield>
   <subfield code="c"> : EUR 45.00 (DE), EUR 46.30 (AT)</subfield>
   <subfield code="9">3-88190-667-3</subfield>
  </datafield>
  <datafield tag="020" ind1=" " ind2=" ">
   <subfield code="a">9783881906678</subfield>
   <subfield code="c"> : EUR 45.00 (DE), EUR 46.30 (AT)</subfield>
   <subfield code="9">978-3-88190-667-8</subfield>
  </datafield>
  <datafield tag="024" ind1="3" ind2=" ">
   <subfield code="a">9783881906678</subfield>
  </datafield>
  <datafield tag="035" ind1=" " ind2=" ">
   <subfield code="a">(DE-627)1024125572</subfield>
  </datafield>
  <datafield tag="035" ind1=" " ind2=" ">
   <subfield code="a">(DE-576)506729532</subfield>
  </datafield>
  <datafield tag="035" ind1=" " ind2=" ">
   <subfield code="a">(DE-599)DNB1160252785</subfield>
  </datafield>
  <datafield tag="035" ind1=" " ind2=" ">
   <subfield code="a">(OCoLC)1039317438</subfield>
  </datafield>
  <datafield tag="035" ind1=" " ind2=" ">
   <subfield code="a">(OCoLC)1039317438</subfield>
  </datafield>
  <datafield tag="040" ind1=" " ind2=" ">
   <subfield code="a">DE-627</subfield>
   <subfield code="b">ger</subfield>
   <subfield code="c">DE-627</subfield>
   <subfield code="e">rda</subfield>
  </datafield>
  <datafield tag="041" ind1=" " ind2=" ">
   <subfield code="a">ger</subfield>
  </datafield>
  <datafield tag="044" ind1=" " ind2=" ">
   <subfield code="c">XA-DE-BW</subfield>
  </datafield>
  <datafield tag="082" ind1="0" ind2=" ">
   <subfield code="a">759.3</subfield>
   <subfield code="q">DE-101</subfield>
  </datafield>
  <datafield tag="082" ind1="0" ind2="4">
   <subfield code="a">750</subfield>
   <subfield code="a">740</subfield>
   <subfield code="a">700</subfield>
   <subfield code="q">DE-101</subfield>
  </datafield>
  <datafield tag="084" ind1=" " ind2=" ">
   <subfield code="a">KUNST</subfield>
   <subfield code="q">DE-16</subfield>
   <subfield code="2">fid</subfield>
  </datafield>
  <datafield tag="084" ind1=" " ind2=" ">
   <subfield code="a">07</subfield>
   <subfield code="2">bwlb</subfield>
  </datafield>
  <datafield tag="084" ind1=" " ind2=" ">
   <subfield code="a">20.31</subfield>
   <subfield code="2">bkl</subfield>
  </datafield>
  <datafield tag="084" ind1=" " ind2=" ">
   <subfield code="a">21.02</subfield>
   <subfield code="2">bkl</subfield>
  </datafield>
  <datafield tag="084" ind1=" " ind2=" ">
   <subfield code="a">20.06</subfield>
   <subfield code="2">bkl</subfield>
  </datafield>
  <datafield tag="100" ind1="1" ind2=" ">
   <subfield code="a">Scholz, Georg</subfield>
   <subfield code="d">1890-1945</subfield>
   <subfield code="e">VerfasserIn</subfield>
   <subfield code="0">(DE-588)118610368</subfield>
   <subfield code="0">(DE-627)079400639</subfield>
   <subfield code="0">(DE-576)209102470</subfield>
   <subfield code="4">aut</subfield>
  </datafield>
  <datafield tag="245" ind1="1" ind2="0">
   <subfield code="a">Georg Scholz</subfield>
   <subfield code="b">Schriften, Briefe, Dokumente</subfield>
   <subfield code="c">herausgegeben von Karl-Ludwig Hofmann und Ursula Merkel in Zusammenarbeit mit dem Mannheimer Kunstverein</subfield>
  </datafield>
  <datafield tag="264" ind1=" " ind2="1">
   <subfield code="a">Karlsruhe</subfield>
   <subfield code="a">Bretten</subfield>
   <subfield code="b">Info Verlag</subfield>
   <subfield code="c">[2018]</subfield>
  </datafield>
  <datafield tag="264" ind1=" " ind2="4">
   <subfield code="c">© 2018</subfield>
  </datafield>
  <datafield tag="300" ind1=" " ind2=" ">
   <subfield code="a">657 Seiten</subfield>
   <subfield code="b">Illustrationen</subfield>
  </datafield>
  <datafield tag="336" ind1=" " ind2=" ">
   <subfield code="a">Text</subfield>
   <subfield code="b">txt</subfield>
   <subfield code="2">rdacontent</subfield>
  </datafield>
  <datafield tag="337" ind1=" " ind2=" ">
   <subfield code="a">ohne Hilfsmittel zu benutzen</subfield>
   <subfield code="b">n</subfield>
   <subfield code="2">rdamedia</subfield>
  </datafield>
  <datafield tag="338" ind1=" " ind2=" ">
   <subfield code="a">Band</subfield>
   <subfield code="b">nc</subfield>
   <subfield code="2">rdacarrier</subfield>
  </datafield>
  <datafield tag="490" ind1="1" ind2=" ">
   <subfield code="a">Lindemanns Bibliothek</subfield>
   <subfield code="v">Band 151</subfield>
  </datafield>
  <datafield tag="500" ind1=" " ind2=" ">
   <subfield code="a">Literaturverzeichnis: Seite 653-657</subfield>
  </datafield>
  <datafield tag="520" ind1=" " ind2=" ">
   <subfield code="a">Der Maler und Grafiker Georg Scholz (1890 – 1945) gehört wie Otto Dix oder George Grosz zu den wichtigsten Protagonisten des Kritischen Verismus und der Neuen Sachlichkeit in Deutschland. Mit provozierender Ironie und bitterböser Satire nahm er die sozialen Spannungen und gesellschaftlichen Widersprüche der Weimarer Republik ins Visier. Kaum bekannt ist, dass Georg Scholz auch über ein ausgeprägtes schriftstellerisches Talent verfügte, scharfsichtige Kunsttheorien formulierte und Beiträge verfasste, deren bissiger Spott seinen Bildsatiren in nichts nachsteht. Einige kürzere Texte wurden zwar zu Lebzeiten publiziert, den größten Teil seiner schriftstellerischen Arbeit konnte der Künstler, vom NS-Regime als „entartet“ diffamiert und wenige Monate nach dem Ende des Zweiten Weltkriegs überraschend verstorben, allerdings nicht veröffentlichen. Zwei seiner Werke aus der Zeit um 1930 werden hier erstmals vorgestellt: die Satire „Als Ob“, eine ironisch zugespitzte Schilderung des Alltags an der Badischen Landeskunstschule Karlsruhe, an der Scholz bis 1933 als Professor lehrte, sowie die anekdotenreichen Erinnerungen „Ich hatt’ einen Kameraden“, in denen er wie kein anderer Künstler jener Zeit seine Erlebnisse als Soldat im Ersten Weltkrieg literarisch verarbeitete. Der vorliegende Band enthält außerdem alle bereits veröffentlichten Schriften von Georg Scholz und eine weit gefächerte Auswahl aus der umfangreichen Korrespondenz des Künstlers u. a. mit Freunden und Kollegen. Die Briefe geben nicht nur tiefe Einblicke in die persönlichen Lebensumstände des Malers, sie sind auch zeitgeschichtliche Zeugnisse ersten Ranges.</subfield>
  </datafield>
  <datafield tag="583" ind1="1" ind2=" ">
   <subfield code="a">Archivierung/Langzeitarchivierung gewährleistet</subfield>
   <subfield code="f">PEBW</subfield>
   <subfield code="x">XA-DE-BW</subfield>
   <subfield code="2">pdager</subfield>
   <subfield code="5">DE-31</subfield>
  </datafield>
  <datafield tag="583" ind1="1" ind2=" ">
   <subfield code="a">Archivierung/Langzeitarchivierung gewährleistet</subfield>
   <subfield code="f">FID</subfield>
   <subfield code="x">XA-DE-BW</subfield>
   <subfield code="2">pdager</subfield>
   <subfield code="5">DE-16</subfield>
  </datafield>
  <datafield tag="600" ind1="1" ind2="7">
   <subfield code="0">(DE-588)118610368</subfield>
   <subfield code="0">(DE-627)079400639</subfield>
   <subfield code="0">(DE-576)209102470</subfield>
   <subfield code="a">Scholz, Georg</subfield>
   <subfield code="d">1890-1945</subfield>
   <subfield code="2">gnd</subfield>
   <subfield code="7">(dpeaa)DE-631</subfield>
  </datafield>
  <datafield tag="650" ind1="0" ind2="7">
   <subfield code="0">(DE-588)4006627-7</subfield>
   <subfield code="0">(DE-627)106376888</subfield>
   <subfield code="0">(DE-576)208866353</subfield>
   <subfield code="a">Bildnis</subfield>
   <subfield code="2">gnd</subfield>
   <subfield code="7">(dpeaa)DE-631</subfield>
  </datafield>
  <datafield tag="655" ind1=" " ind2="7">
   <subfield code="a">Briefsammlung</subfield>
   <subfield code="0">(DE-588)4146609-3</subfield>
   <subfield code="0">(DE-627)104269936</subfield>
   <subfield code="0">(DE-576)209750472</subfield>
   <subfield code="2">gnd-content</subfield>
  </datafield>
  <datafield tag="655" ind1=" " ind2="7">
   <subfield code="a">Aufsatzsammlung</subfield>
   <subfield code="0">(DE-588)4143413-4</subfield>
   <subfield code="0">(DE-627)105605727</subfield>
   <subfield code="0">(DE-576)209726091</subfield>
   <subfield code="2">gnd-content</subfield>
  </datafield>
  <datafield tag="655" ind1=" " ind2="7">
   <subfield code="a">Biografie</subfield>
   <subfield code="0">(DE-588)4006804-3</subfield>
   <subfield code="0">(DE-627)104213493</subfield>
   <subfield code="0">(DE-576)208867147</subfield>
   <subfield code="2">gnd-content</subfield>
  </datafield>
  <datafield tag="655" ind1=" " ind2="7">
   <subfield code="a">Brief</subfield>
   <subfield code="0">(DE-588)4008240-4</subfield>
   <subfield code="0">(DE-627)104675365</subfield>
   <subfield code="0">(DE-576)208875212</subfield>
   <subfield code="2">gnd-content</subfield>
  </datafield>
  <datafield tag="689" ind1="0" ind2="0">
   <subfield code="d">p</subfield>
   <subfield code="0">(DE-588)118610368</subfield>
   <subfield code="0">(DE-627)079400639</subfield>
   <subfield code="0">(DE-576)209102470</subfield>
   <subfield code="a">Scholz, Georg</subfield>
   <subfield code="d">1890-1945</subfield>
   <subfield code="2">gnd</subfield>
  </datafield>
  <datafield tag="689" ind1="0" ind2=" ">
   <subfield code="5">DE-101</subfield>
  </datafield>
  <datafield tag="689" ind1="1" ind2="0">
   <subfield code="d">p</subfield>
   <subfield code="0">(DE-588)118610368</subfield>
   <subfield code="0">(DE-627)079400639</subfield>
   <subfield code="0">(DE-576)209102470</subfield>
   <subfield code="a">Scholz, Georg</subfield>
   <subfield code="d">1890-1945</subfield>
   <subfield code="2">gnd</subfield>
  </datafield>
  <datafield tag="689" ind1="1" ind2=" ">
   <subfield code="5">(DE-627)</subfield>
  </datafield>
  <datafield tag="700" ind1="1" ind2=" ">
   <subfield code="a">Hofmann, Karl-Ludwig</subfield>
   <subfield code="d">1949-2015</subfield>
   <subfield code="e">HerausgeberIn</subfield>
   <subfield code="0">(DE-588)128980079</subfield>
   <subfield code="0">(DE-627)386698147</subfield>
   <subfield code="0">(DE-576)164581170</subfield>
   <subfield code="4">edt</subfield>
  </datafield>
  <datafield tag="700" ind1="1" ind2=" ">
   <subfield code="a">Merkel, Ursula</subfield>
   <subfield code="d">1958-</subfield>
   <subfield code="e">HerausgeberIn</subfield>
   <subfield code="0">(DE-588)1053562829</subfield>
   <subfield code="0">(DE-627)790296713</subfield>
   <subfield code="0">(DE-576)409511129</subfield>
   <subfield code="4">edt</subfield>
  </datafield>
  <datafield tag="710" ind1="2" ind2=" ">
   <subfield code="a">Mannheimer Kunstverein</subfield>
   <subfield code="e">Sonstige Person, Familie und Körperschaft</subfield>
   <subfield code="0">(DE-588)2019074-8</subfield>
   <subfield code="0">(DE-627)101988257</subfield>
   <subfield code="0">(DE-576)191725447</subfield>
   <subfield code="4">oth</subfield>
  </datafield>
  <datafield tag="787" ind1="0" ind2="8">
   <subfield code="i">Rezensiert in</subfield>
   <subfield code="a">Rödiger-Diruf, Erika, 1944 - </subfield>
   <subfield code="t">[Rezension von: Karl-Ludwig Hofmann / Ursula Merkel (Hrsg.), Georg Scholz. Schriften, Briefe, Dokumente]</subfield>
   <subfield code="d">2018</subfield>
   <subfield code="w">(DE-627)178711189X</subfield>
  </datafield>
  <datafield tag="787" ind1="0" ind2="8">
   <subfield code="i">Rezensiert in</subfield>
   <subfield code="a">Erika Rödiger-Diruf</subfield>
   <subfield code="t">[Georg Scholz], in: Badische Heimat</subfield>
   <subfield code="g">98 (2018), 4, Seite 636-638</subfield>
  </datafield>
  <datafield tag="787" ind1="0" ind2="8">
   <subfield code="i">Rezensiert in</subfield>
   <subfield code="a">Shannon Connelly</subfield>
   <subfield code="t">[Georg Scholz], in: Kunst und Politik</subfield>
   <subfield code="g">21 (2019), Seite 199-205</subfield>
  </datafield>
  <datafield tag="830" ind1=" " ind2="0">
   <subfield code="a">Lindemanns Bibliothek</subfield>
   <subfield code="v">Band 151</subfield>
   <subfield code="9">151</subfield>
   <subfield code="w">(DE-627)485222051</subfield>
   <subfield code="w">(DE-576)112517986</subfield>
   <subfield code="w">(DE-600)2187158-9</subfield>
   <subfield code="7">ns</subfield>
  </datafield>
  <datafield tag="856" ind1="4" ind2="2">
   <subfield code="u">https://d-nb.info/1160252785/04</subfield>
   <subfield code="m">B:DE-101</subfield>
   <subfield code="q">application/pdf</subfield>
   <subfield code="3">Inhaltsverzeichnis</subfield>
  </datafield>
  <datafield tag="856" ind1="4" ind2="2">
   <subfield code="u">https://swbplus.bsz-bw.de/bsz506729532rez.htm</subfield>
   <subfield code="m">V:DE-576;B:DE-16</subfield>
   <subfield code="q">application/pdf</subfield>
   <subfield code="v">20181204151547</subfield>
   <subfield code="3">Rezension</subfield>
  </datafield>
  <datafield tag="856" ind1="4" ind2="2">
   <subfield code="u">http://www.sehepunkte.de/2018/11/32455.html</subfield>
   <subfield code="m">V:DE-576;X:Sehepunkte</subfield>
   <subfield code="q">text/html</subfield>
   <subfield code="v">20190102152905</subfield>
   <subfield code="3">Rezension</subfield>
  </datafield>
  <datafield tag="935" ind1=" " ind2=" ">
   <subfield code="a">BWLB</subfield>
  </datafield>
  <datafield tag="936" ind1="b" ind2="k">
   <subfield code="a">20.31</subfield>
   <subfield code="j">Bildende Künstler</subfield>
   <subfield code="q">DA3</subfield>
   <subfield code="0">(DE-627)181571080</subfield>
  </datafield>
  <datafield tag="936" ind1="b" ind2="k">
   <subfield code="a">21.02</subfield>
   <subfield code="j">Geschichte der Malerei</subfield>
   <subfield code="q">DA3</subfield>
   <subfield code="0">(DE-627)106406698</subfield>
  </datafield>
  <datafield tag="936" ind1="b" ind2="k">
   <subfield code="a">20.06</subfield>
   <subfield code="j">Kunstphilosophie</subfield>
   <subfield code="j">Kunsttheorie</subfield>
   <subfield code="q">DA3</subfield>
   <subfield code="0">(DE-627)10641433X</subfield>
  </datafield>
  <datafield tag="951" ind1=" " ind2=" ">
   <subfield code="a">BO</subfield>
  </datafield>
  <datafield tag="990" ind1=" " ind2=" ">
   <subfield code="a">Scholz, Georg</subfield>
  </datafield>
  <datafield tag="990" ind1=" " ind2=" ">
   <subfield code="a">Scholz, Georg</subfield>
  </datafield>
  <datafield tag="991" ind1=" " ind2=" ">
   <subfield code="a">Rezensiertes Werk</subfield>
  </datafield>
  <datafield tag="999" ind1=" " ind2=" ">
   <subfield code="a">KXP-PPN1024125572</subfield>
   <subfield code="e">4048509802</subfield>
  </datafield>
 </record>
</collection>
